Catálogo

Hormigon pretensado / (Registro nro. 44348)

Detalles MARC
000 -LEADER
fixed length control field 01272cam a2200325 i 4500
001 - CONTROL NUMBER
control field 44348
003 - CONTROL NUMBER IDENTIFIER
control field Mx-PuUPA
005 - DATE AND TIME OF LATEST TRANSACTION
control field 20250313085502.0
008 - FIXED-LENGTH DATA ELEMENTS--GENERAL INFORMATION
fixed length control field 140415s1967 sp ae gr 000 0 spa d
017 ## - COPYRIGHT OR LEGAL DEPOSIT NUMBER
Copyright or legal deposit number M. 8324 - 1967
040 ## - CATALOGING SOURCE
Original cataloging agency Mx-PuUPA
Language of cataloging spa
Transcribing agency Mx-PuUPA
Modifying agency Mx-PuUPA
Description conventions rda
041 1# - LANGUAGE CODE
Language code of text/sound track or separate title spa
Language code of original ger
100 1# - MAIN ENTRY--PERSONAL NAME
Personal name Leonhardt, Fritz,
Relator term autor
240 10 - UNIFORM TITLE
Uniform title Spannbeton für die praxis,
Language of a work Español
245 10 - TITLE STATEMENT
Title Hormigon pretensado /
Statement of responsibility, etc. por el Dr. ing. Fritz Leonhardt ; traducción por Alberto Corral
264 #1 - PRODUCTION, PUBLICATION, DISTRIBUTION, MANUFACTURE, AND COPYRIGHT NOTICE
Place of production, publication, distribution, manufacture Madrid :
Name of producer, publisher, distributor, manufacturer Instituto Eduardo Torroja de la Construcción y del Cemento,
Date of production, publication, distribution, manufacture, or copyright notice 1967
300 ## - PHYSICAL DESCRIPTION
Extent xxvii, 762 páginas :
Other physical details ilustraciones, planos (en blanco y negro) ;
Dimensions 27 cm
336 ## - CONTENT TYPE
Fuente rdacontent
Content type term texto
Content type code txt
336 ## - CONTENT TYPE
Fuente rdacontent
Content type term imagen fija
Content type code sti
337 ## - MEDIA TYPE
Source rdamedia
Media type term sin medio
Media type code n
338 ## - CARRIER TYPE
Source rdacarrier
Carrier type term volumen
Carrier type code nc
650 #7 - SUBJECT ADDED ENTRY--TOPICAL TERM
Source of heading or term armarc
Topical term or geographic name entry element Sistema de anclaje
General subdivision Deformaciones
650 #7 - SUBJECT ADDED ENTRY--TOPICAL TERM
Topical term or geographic name entry element Diseño estructural
General subdivision Ingeniería civil
650 #7 - SUBJECT ADDED ENTRY--TOPICAL TERM
Topical term or geographic name entry element Concreto presforzado
General subdivision Materiales de construcción
700 1# - ADDED ENTRY--PERSONAL NAME
Personal name Corral, Alberto,
Relator term traductor
765 0# - ORIGINAL LANGUAGE ENTRY
Main entry heading Leonhardt, Fritz,
Place, publisher, and date of publication Berlin : Wilhelm Ernst & Sohn, 1967
Title Spannbeton für die praxis,
942 ## - ADDED ENTRY ELEMENTS (KOHA)
Source of classification or shelving scheme Dewey Decimal Classification
Koha item type Libro
Classification part 690.05
Item part L57
Existencias
Withdrawn status Lost status Source of classification or shelving scheme Damaged status Not for loan Collection code Home library Current library Shelving location Date acquired Source of acquisition Total Checkouts Full call number Barcode Date last seen Date last checked out Price effective from Koha item type
    Dewey Decimal Classification     General Biblioteca Karol Wojtyla Biblioteca Karol Wojtyla Sala general 03/12/2013 Compra 1 690.05 L57 1967 66655 05/01/2026 16/11/2023 03/12/2013 Libro